000 00869nam a2200253 i 4500
001 bg
003 BPK
005 20220915080149.0
008 s2002 pl f f |000 0 pol
020 _a9788388760631
040 _cBPK
080 _a339.138
080 _a(075.8)
245 1 0 _aStrategie marketingowe /
_cred. nauk. Henryk Mruk ; Akademia Ekonomiczna w Poznaniu.
260 _aPoznań :
_bWydawnictwo Akademii Ekonomicznej,
_c2002.
300 _a286 s. :
_brys. ;
_c24 cm.
504 _aBibliogr. s. 285-286.
655 _aPodręczniki akademickie
650 9 _aMarketing
700 1 _aMruk, Henryk
_d(1948- )
_eRedakcja
942 _cKS
_2UKD
856 _uhttp://koha.tu.koszalin.pl/cgi-bin/koha/opac-detail.pl?biblionumber=54872
_yKatalog online BPK
999 _c54872
_d54872